000 00843nam a2200277 4500
001 599407
005 20150505154323.0
007 000
008 000
010 _a 91037218
020 _a067338392X
040 _aUOEL
_cDLC
_dDLC
050 0 0 _aQA184
_b.M64 1991
082 0 0 _a512/.5
_220
100 1 _aMoore, Hal G.,
_d1929-
245 1 2 _aA first course in linear algebra /
_cHal G. Moore, Adil Yaqub.
250 _a2nd ed.
260 _aNew York, NY :
_bHarperCollins,
_c1991.
300 _axv, 491, 56, 4 p. :
_bill. ;
_c25 cm.
500 _aIncludes index.
650 0 _aAlgebras, Linear.
_xMathematics
700 1 _aYaqub, Adil,
_d1928-
906 _a7
_bcbc
_corignew
_d1
_eocip
_f19
_gy-gencatlg
942 _2lcc
_cLL
999 _c6582
_d6582